| 000 | 00502nam a2200181Ia 4500 | ||
|---|---|---|---|
| 003 | GCL | ||
| 008 | 140319s9999 xx 000 0 eng d | ||
| 040 |
_aGCL / _cGCL |
||
| 082 | 0 | 4 |
_a004.22 _bS W |
| 100 | 1 | _aSTESS, CHARLES | |
| 245 | 1 | 0 |
_aTHE WEB ARCHITECTS' HANDBOOK / _cSTESS, CHARLES |
| 260 |
_a[S.N] : _bADDISON - WESLEY PUBLISHING COMPANY |
||
| 300 | _a289 P | ||
| 650 | 0 | 4 | _aشعر الحرب |
| 650 | 0 | 4 | _aCOMPUTER ARCHITECTURE |
| 650 | 0 | 4 | _aARCHITECTURE - DATA PROCESSING |
| 942 |
_2ddc _cBK |
||
| 999 |
_c14848 _d14848 |
||